00976nam a22002057a 4500003000900000005001700009008004100026040001300067100004200080245006100122250001100183260007800194300001800272490007000290520017000360942001200530999001700542952010000559952011100659IT-RoPau20220918181105.0130506b xxu||||| |||| 00| 0 eng d cIT-RoPau aCentro di spiritualità paolina9518 a"Camminiamo anche noi in novità di vita" b(Rom. VI,4) a1° ed aAriccia (Roma)bCentro di spiritualità paolina Casa Divin Maestroc1976 a36 pp.c28 cm a"Camminiamo anche noi in novità di vita" .vn° 21 - Marzo 1976 aSommario I. Leggiamo san Paolo, n° 9 II. Testimonianze sullo "spirito paolino". Ricordi e riflessioni di don Paolino M. Gilli. III. Dialogo nella Famiglia Paolina  2ddccCR c98486d98486 00102ddc406P_C671aPAULUSbPAULUSd2013-05-06l0oP C6r2013-05-06 00:00:00w2013-05-06yCR 00102ddc406P_C671aPAULUSbPAULUSd2013-05-06l0oP C6pSp. FP 19r2013-05-06 00:00:00w2013-05-06yCR